000 00671nam a2200229 a 4500
005 20140310183445.0
008 080925s19uu xx 00 eng d
020 _a9781584505624
050 _aQA 76.76.C672
_b.L42 2008
100 _aLecky-Thompson, Guy W.
245 _aVideo game design revealed /
_cGuy W. Lecky-Thompson.
260 _aBoston, Massachussetts :
_bCharles River Media,
_c2008.
300 _a322 p. :
_bill. ;
_c24 cm.
521 _aMA
650 _aMedia Arts.
650 _aComputer games programming.
650 _aComputer games design.
650 _aVideo games
_xdesign.
942 _cBK
_2lcc
_kFOR
999 _c23223
_d23223